High School Essays/ (Record no. 196559)

MARC details
000 -LEADER
fixed length control field 00536 a2200193 4500
005 - DATE AND TIME OF LATEST TRANSACTION
control field 20230717110859.0
010 ## - LCCN (DPL NO)
LC control number ENG-137408
020 ## - INTERNATIONAL STANDARD BOOK NUMBER
International Standard Book Number 9789351866046
Terms of availability 500.00
035 ## - SYSTEM CONTROL NUMBER
System control number EN-120940
037 ## - SOURCE OF ACQUISITION
Source of stock number/acquisition DBAD/Pub
082 14 - DEWEY DECIMAL CLASSIFICATION NUMBER
Classification number 882
100 ## - MAIN ENTRY--PERSONAL NAME
Personal name Sinha, N.C.
245 1# - TITLE STATEMENT
Title High School Essays/
Statement of responsibility, etc N. C. Sinha
250 ## - EDITION STATEMENT
Edition statement First edition.
260 ## - PUBLICATION, DISTRIBUTION, ETC. (IMPRINT)
Place of publication, distribution, etc Delhi
Name of publisher, distributor, etc Prabhat Prakashan,
Date of publication, distribution, etc 2016
270 ## - ADDRESS
Address 4/19,Asaf Ali Road,
City New Delhi
Postal code 110002
300 ## - PHYSICAL DESCRIPTION
Extent 344p.;
Dimensions 23cm(hb)
942 ## - ADDED ENTRY ELEMENTS (KOHA)
Item type English Books
Source of classification or shelving scheme Dewey Decimal Classification
Classification part 882
Call number suffix SIN
Edition First edition
Holdings
Withdrawn status Lost status Not for loan Collection code Home library Current library Date acquired Source of acquisition Cost, normal purchase price Full call number Barcode Copy number Cost, replacement price Koha item type
      Non-fiction Narela Narela 17/07/2023 DBAD/PUB 500.00 882 SIN EN-120940 1 500.00 English Books

© Delhi Public Library
Hit Counter
free hit counter